000 00603nam a2200205 i 4500
001 bgj
100 1 _aSENGLE, Friedrich.
245 1 0 _aDie literarische Formenlehre :
_bVorschläge zu ihrer Reform /
_cFriedrich Sengle.
260 _aStuttgart :
_bJ. B. Metzlersche Verlagsbuchhandlung,
_c1967.
300 _a39 s. ;
_c20 cm.
490 _aDichtung und Erkenntnis
_v1
650 _aJęzyk niemiecki
_xhistoria
830 _aDichtung und Erkenntnis
040 _cBPK
041 0 _ager
044 _aDEU
080 _a811.112.2(091)
942 _cKS
008 s gw f |000 0 ger
999 _c50418
_d50418
856 _uhttp://koha.tu.koszalin.pl/cgi-bin/koha/opac-detail.pl?biblionumber=50418
_yKatalog online BPK